01155naa#a2200217#i#4500001001600000005001700016011001400033100004100047102000700088200022100095210020500316215001000521608004500531675003900576700005200615700006000667700005400727700006600781700006000847856003000907RU\\bibl\12335120260706012445.1##a1994-4683##a20230731b2023####ek#y0rusy0150####ca##aRU1#aПЕРСПЕКТИВНЫ ВКЛЮЧЕНИЯ ПОЛНО-АМПЛИТУДНЫХ ДВИЖЕНИЙ В ТРЕНИРОВОЧНЫЙ ПЛАН СПОРТСМЕНОВ АРМРЕСТЛЕРОВeЖурнальная статья1#aМоскваcНациональный государственный Университет физической культуры, спорта и здоровья им. П.Ф. Лесгафтаd2023##a3 с.##aЖурнальная статья2local##aСиловой спорт. 796.894#1aБарееваgДиана Рустемовна#1aЖиводёровgАлексей Валерьевич#1aЕвдокимовgИван Михайлович#1aЖиводёровgВалерий Александрович#1aДроздgАлександр Валентинович4#auchzapiski.lesgaft.spb.ru